| 000 | 00533nam a2200181Ia 4500 | ||
|---|---|---|---|
| 008 | 220216s9999 xx 000 0 und d | ||
| 100 | _aYusof Nurul Hayati | ||
| 245 | 0 | _aPreparation of silica-ENR masterbatch via latex stage | |
| 260 |
_bJournal of Rubber Research _c2011 |
||
| 300 | _a185-199 | ||
| 650 | _aEpoxidised natural rubber (ENR) latex | ||
| 650 | _aPrecipitated silica | ||
| 650 | _aSilica dispersion | ||
| 650 | _aSilica ENR masterbatch | ||
| 700 | _a6aMd Said Mazam | ||
| 700 | _a6aMohd Som Fauzi | ||
| 942 | _cJS | ||
| 999 |
_c65616 _d65616 |
||